000 00398pab a2200169 454500
008 180718b2001 xxu||||| |||| 00| 0 eng d
100 _aBryant, E.A.
245 _aGeological indicators of large Tsunami in Australia
260 _c2001
300 _ap.231-49
362 _aNov
650 _aDisasters
650 _aStorms
700 _aNott, J.
773 _aNatural Hazards
909 _a50838
999 _c50838
_d50838